000 00811nam a22002297a 4500
003 0
005 20250923074814.0
008 250923b xxu||||| |||| 00| 0 eng d
020 _a978-1-5099-6134-4
050 _aHG 2491
_b.B63 2022
100 _aBodellini, Marco,
_eauthor.
245 _aInternational bank crisis management :
_ba transatlantic perspective /
_cMarco Bodellini.
260 _aOxford, UK :
_bHart Publishing, Bloomsbury Publishing Plc,
_c2022.
300 _axviii, 209 pages ;
_c24 cm.
504 _aIncludes bibliographical references and index.
650 _aBanks and banking
_xManagement.
650 _aFinancial crises.
650 _aInternational finance.
650 _aBanks and banking
_xGovernment policy.
650 _aFinancial institutions
_xRisk management.
942 _2lcc
_cBK
999 _c368057
_d368057